| 000 | 00503nam a2200157 i 4500 | ||
|---|---|---|---|
| 001 | bg | ||
| 100 | 1 | _aJAvorskij, Boris Mihajlovič. | |
| 245 | 0 |
_aElementy fizyki. _nT. 1, _pRuch i siły / _cB. M. Jaworski, A. A. Piński. |
|
| 260 |
_aWarszawa, _c1977. |
||
| 700 | 1 | _aPinskij, Arkadij Aronovič. | |
| 040 | _cBPK | ||
| 041 | _apol | ||
| 942 | _cKS | ||
| 008 | s pl f |000 0 pol | ||
| 856 |
_uhttp://koha.tu.koszalin.pl/cgi-bin/koha/opac-detail.pl?biblionumber=20126 _yKatalog online BPK |
||
| 999 |
_c20126 _d20126 |
||